000 00779nam a2200253Ia 4500
003 OSt
005 20220928130912.0
006 a|||||r|||| 00| 0
007 ta
008 220927b |||||||| |||| 00| 0 eng d
020 _cUSD 49.95
024 _a144688
037 _b25, 03/03/2021, Shivam Book Service
_cTextual
040 _aSDCL
_cSDCL
_beng
041 _2eng
_aeng
082 _aX:(B289R), Q9
100 _aRacine Jeffrey S.
_9476512
245 0 _aReproducible econometrics using R
260 _aNew York
_b Oxford University Press
_c2019
300 _axxiii,293p.
_ccm.
650 _aBusiness Economics and Finance
942 _hX:(B289R), Q9
_cTEXL
_2CC
999 _c789001
_d789001